120 Bài luận anh văn mẫu 120 Model english essays (môi trường và cuộc sống)

שמור ב:
מידע ביבליוגרפי
מחבר ראשי: H. Martin
מחברים אחרים: Nguyễn Văn Khi (dịch và chú giải)
פורמט: ספר
שפה:Vietnamese
יצא לאור: H. Thanh niên 1999
נושאים:
תגים: הוספת תג
אין תגיות, היה/י הראשונ/ה לתייג את הרשומה!
Thư viện lưu trữ: Mạng thư viện Đại học Đà Nẵng
LEADER 01060nam a2200313 4500
001 000015710
003 12093
005 20120531150536.0
008 120531s1999 viesd
020 |c 17000đ 
041 0 |a vie 
082 |a 428  |b MA-H 
100 0 |a H. Martin 
245 0 |a 120 Bài luận anh văn mẫu  |b 120 Model english essays (môi trường và cuộc sống)  |c H. Martin & Dịch và chú giải: Nguyễn Văn Khi 
260 |a H.  |b Thanh niên  |c 1999 
300 |a 200tr.  |c 20 cm 
653 |a bài luận 
653 |a anh văn 
700 |a Nguyễn Văn Khi  |e dịch và chú giải 
OWN |a LSP 
AVA |a UDN50  |b LSP  |d 428 MA-H  |e available  |t Error 5001 Not defined in file expand_doc_bib_avail.  |f 2  |g 0  |h N  |i 0  |k 1 
999 |a From the UDN01 
AVA |a UDN50  |b LSP  |d 428 MA-H  |e available  |t Error 5001 Not defined in file expand_doc_bib_avail.  |f 2  |g 0  |h N  |i 0  |k 1 
TYP |a Monograph 
TYP |a Printed language 
980 |a Mạng thư viện Đại học Đà Nẵng